Inspiration : international design manual.
| Format: | Book |
|---|---|
| Published: |
Detmold:
Michael Bayer,
1994.
|
| Subjects: |
| LEADER | 00398cam a2200145 7i4500 | ||
|---|---|---|---|
| 001 | 0000004802 | ||
| 005 | 19991025090000.0 | ||
| 002 | ##000006346 | ||
| 020 | 0 | 0 | |a 3-9803549-1-1 |
| 090 | 0 | 0 | |a DE 745.4 |b INS |
| 245 | 0 | 0 | |a Inspiration : |b international design manual. |
| 260 | 0 | 0 | |a Detmold: |b Michael Bayer, |c 1994. |
| 300 | 0 | 0 | |a 151 p.. |
| 650 | 0 | 0 | |a Designs |
| 999 | |a 0000006516 |b Book |c Open shelf |e Business Information Centre | ||


